Picture Click Logic Puzzle III: Circular Grid Quiz Stats

 Plays Quiz Updated Jan 3, 2017

Support Sporcle.
Go Orange.
Score 0/14 Timer 20:00
2 Plays Today
% Correct
???
92%
???
87.3%
???
85.9%
???
36.6%
???
32.1%
???
26.4%
???
23.1%
% Correct
???
19.9%
???
19.1%
???
17.7%
???
15.9%
???
15.3%
???
15.2%
???
13.7%

You're not logged in!

Compare scores with friends on all Sporcle quizzes.
OR
Log In
Forgot?

From the Vault

Click a Mary

by Cortez

Reading the name Mary makes us want to rhyme, all the time.
Remove Ads.
Support Sporcle.
Get the best of Sporcle when you Go Orange. This ad-free experience offers more features, more stats, and more fun while also helping to support Sporcle. Thank you for becoming a member.

Show Comments

Extras

Top Quizzes Today


Score Distribution

Your Account Isn't Verified!

In order to create a playlist on Sporcle, you need to verify the email address you used during registration. Go to your Sporcle Settings to finish the process.

Report this User

Report this user for behavior that violates our Community Guidelines.

Details: